Ч. 3; Высшая математика в упражнениях и задачах

Bibliographic Details
Parent link:Высшая математика в упражнениях и задачах: Учебное пособие в 3 ч./ П. Е. Данко, А. Г. Попов. Ч. 3.— , 1971-
Language:Russian
Published: 1971
Subjects:
Format: Book
KOHA link:https://koha.lib.tpu.ru/cgi-bin/koha/opac-detail.pl?biblionumber=52822

MARC

LEADER 00000nam2a2200000 4500
001 52822
005 20231031043158.0
035 |a (RuTPU)RU\TPU\book\55371 
090 |a 52822 
100 |a 20030606d1971 m y0rusy50 ca 
101 0 |a rus 
102 |a RU 
105 |a a j 000zy 
200 0 |a Ч. 3 
210 |d 1971 
215 |a 287 с.  |c ил. 
461 1 |0 (RuTPU)RU\TPU\book\55369  |t Высшая математика в упражнениях и задачах  |o Учебное пособие в 3 ч.  |f П. Е. Данко, А. Г. Попов  |v Ч. 3  |d 1971- 
610 1 |a математика 
610 1 |a задачи 
610 1 |a решения 
610 1 |a практические пособия 
610 1 |a учебные пособия 
675 |a 51(076)  |v 3 
801 1 |a RU  |b 63413507  |c 20030606  |g PSBO 
801 2 |a RU  |b 63413507  |c 20210109  |g PSBO 
942 |c BK